[Event "Oberliga Sued W 0910"]
[Site "Germany"]
[Date "2009.11.15"]
[Round "2.3"]
[White "Callam, Hannes"]
[Black "Klein, Joachim"]
[Result "1/2-1/2"]
[WhiteElo "2153"]
[BlackElo "2260"]
[PlyCount "25"]
[EventDate "2009.10.18"]
[EventType "team-tourn"]
[EventRounds "9"]
[EventCountry "GER"]
[SourceTitle "EXT 2011"]
[Source "ChessBase"]
[SourceDate "2010.11.26"]
[SourceVersion "1"]
[SourceVersionDate "2010.11.26"]
[SourceQuality "1"]
[WhiteTeam "Schwarzenbach"]
[BlackTeam "Illingen"]
[WhiteTeamCountry "GER"]
[BlackTeamCountry "GER"]

1. d4 Nf6 2. c4 c5 3. Nf3 cxd4 4. Nxd4 b6 5. Nc3 Bb7 6. f3 a6 7. e4 d6 8. Be2 e6 9. 0-0 Be7 10. Qa4+ Nbd7 11. Nc6 Bxc6 12. Qxc6 0-0 13. Qa4 1/2-1/2

[Event "Oberliga Sued W 0809"]
[Site "Germany"]
[Date "2008.10.26"]
[Round "2.3"]
[White "Klein, Joachim"]
[Black "Callam, Hannes"]
[Result "1-0"]
[WhiteElo "2236"]
[BlackElo "2151"]
[PlyCount "61"]
[EventDate "2008.10.05"]
[EventType "team-tourn"]
[EventRounds "11"]
[EventCountry "GER"]
[SourceTitle "EXT 2012"]
[Source "ChessBase"]
[SourceDate "2011.11.24"]
[SourceVersion "1"]
[SourceVersionDate "2011.11.24"]
[SourceQuality "1"]
[WhiteTeam "Illingen"]
[BlackTeam "Schwarzenbach"]
[WhiteTeamCountry "GER"]
[BlackTeamCountry "GER"]

1. e4 d5 2. exd5 Qxd5 3. Nc3 Qa5 4. d4 Nf6 5. Nf3 Nc6 6. Bd2 Bg4 7. Nb5 Qb6 8. c4 Bxf3 9. Qxf3 Nxd4 10. Nxd4 Qxd4 11. Qxb7 Qe4+ 12. Qxe4 Nxe4 13. Be3 e6 14. Bd3 Nc5 15. Bc2 0-0-0 16. Ke2 Kb8 17. Rhd1 Be7 18. Bd4 f6 19. b4 Nb7 20. c5 e5 21. Be3 g6 22. Bb3 f5 23. f3 Rhe8 24. Ba4 Rg8 25. Rac1 Bf6 26. Bd7 Rg7 27. c6 f4 28. Bf2 e4 29. fxe4 Be5 30. Rd5 Bd6 31. Rb5 1-0

[Event "Oberliga Sued W 0708"]
[Site "Germany"]
[Date "2008.01.20"]
[Round "5.4"]
[White "Busche, Stefan"]
[Black "Callam, Hannes"]
[Result "1/2-1/2"]
[WhiteElo "2092"]
[BlackElo "2146"]
[PlyCount "55"]
[EventDate "2007.10.21"]
[EventType "team-tourn"]
[EventRounds "9"]
[EventCountry "GER"]
[SourceTitle "EXT 2009"]
[Source "ChessBase"]
[SourceDate "2008.11.26"]
[SourceVersion "1"]
[SourceVersionDate "2008.11.26"]
[SourceQuality "1"]
[WhiteTeam "Saarbruecken SVG"]
[BlackTeam "Schwarzenbach"]
[WhiteTeamCountry "GER"]
[BlackTeamCountry "GER"]

1. e4 d5 2. exd5 Qxd5 3. Nc3 Qa5 4. d4 Nf6 5. Nf3 Nc6 6. Bb5 Nd5 7. 0-0 Nxc3 8. Bxc6+ bxc6 9. bxc3 Bg4 10. Bf4 Qxc3 11. Bxc7 e6 12. Rb1 Bxf3 13. Qxf3 Qxf3 14. gxf3 Be7 15. Rb7 0-0 16. Rfb1 Rfc8 17. Bb8 a6 18. Rxe7 Raxb8 19. Rxb8 Rxb8 20. Ra7 Kf8 21. Rxa6 Rb2 22. Rxc6 Rxa2 23. Rc7 Ra4 24. c3 Ra2 25. f4 g6 26. Kg2 Rd2 27. Rc5 Rd3 28. Rc7 1/2-1/2

[Event "Oberliga Sued W 0607"]
[Site "Germany"]
[Date "2006.11.19"]
[Round "3.3"]
[White "Callam, Hannes"]
[Black "Kargoll, Peter"]
[Result "1/2-1/2"]
[WhiteElo "2134"]
[BlackElo "2224"]
[PlyCount "29"]
[EventDate "2006.10.15"]
[EventType "team-tourn"]
[EventRounds "9"]
[EventCountry "GER"]
[SourceTitle "EXT 2009"]
[Source "ChessBase"]
[SourceDate "2008.11.26"]
[SourceVersion "1"]
[SourceVersionDate "2008.11.26"]
[SourceQuality "1"]
[WhiteTeam "Schwarzenbach"]
[BlackTeam "Frankenthal"]
[WhiteTeamCountry "GER"]
[BlackTeamCountry "GER"]

1. d4 d5 2. c4 e6 3. Nc3 Nf6 4. Bg5 Be7 5. e3 0-0 6. Nf3 c6 7. cxd5 exd5 8. Bd3 Bg4 9. Qc2 h6 10. Bh4 Nbd7 11. h3 Bxf3 12. gxf3 c5 13. dxc5 Qa5 14. 0-0-0 Qxc5 15. Kb1 1/2-1/2

[Event "Oberliga Sued W 0607"]
[Site "Germany"]
[Date "2006.10.29"]
[Round "2.3"]
[White "Bruch, Jochen"]
[Black "Callam, Hannes"]
[Result "1-0"]
[WhiteElo "2248"]
[BlackElo "2134"]
[PlyCount "115"]
[EventDate "2006.10.15"]
[EventType "team-tourn"]
[EventRounds "9"]
[EventCountry "GER"]
[SourceTitle "EXT 2009"]
[Source "ChessBase"]
[SourceDate "2008.11.26"]
[SourceVersion "1"]
[SourceVersionDate "2008.11.26"]
[SourceQuality "1"]
[WhiteTeam "Ludwigshafen"]
[BlackTeam "Schwarzenbach"]
[WhiteTeamCountry "GER"]
[BlackTeamCountry "GER"]

1. Nf3 d5 2. g3 c5 3. Bg2 Nc6 4. 0-0 e5 5. d3 f6 6. Nbd2 Be6 7. c3 Bd6 8. e4 d4 9. cxd4 cxd4 10. a3 Nge7 11. Ne1 Qd7 12. f4 0-0-0 13. f5 Bf7 14. b4 Kb8 15. Nc4 b5 16. Nxd6 Qxd6 17. Bd2 Nc8 18. a4 a6 19. Qc1 Nb6 20. axb5 axb5 21. Nc2 Rc8 22. Na3 Na7 23. Qb1 Qd7 24. Bf3 Na4 25. Bd1 Nc3 26. Qb2 Rc7 27. Nb1 Rhc8 28. Qa3 Nxd1 29. Rxd1 g6 30. fxg6 hxg6 31. Rf1 f5 32. Qa6 Rc6 33. Qa5 Bb3 34. exf5 gxf5 35. Rxf5 Ba4 36. Rxe5 Rc1+ 37. Kf2 Qf7+ 38. Bf4 R8c2+ 39. Nd2 Rxd2+ 40. Re2+ Kb7 41. Rxc1 Rxe2+ 42. Kxe2 Nc6 43. Rxc6 Qe8+ 44. Kf2 Qxc6 45. Qd8 Qc2+ 46. Kg1 Qxd3 47. Qc7+ Ka6 48. Qc8+ Kb6 49. Bc7+ Kc6 50. Bb8+ Kd5 51. Qc5+ Ke6 52. Qc6+ Kf5 53. Qd5+ Kg6 54. Qe6+ Kh5 55. Qf7+ Kg5 56. Bf4+ Kg4 57. h3+ Kf3 58. Qh5+ 1-0

[Event "Oberliga Sued W 0405"]
[Site "Germany"]
[Date "2005.04.10"]
[Round "9.2"]
[White "Callam, Hannes"]
[Black "Seger, Ruediger"]
[Result "0-1"]
[WhiteElo "2121"]
[BlackElo "2352"]
[PlyCount "90"]
[EventDate "2004.10.03"]
[EventType "team-tourn"]
[EventRounds "9"]
[EventCountry "GER"]
[SourceTitle "EXT 2009"]
[Source "ChessBase"]
[SourceDate "2008.11.26"]
[SourceVersion "1"]
[SourceVersionDate "2008.11.26"]
[SourceQuality "1"]
[WhiteTeam "Schwarzenbach"]
[BlackTeam "Trier"]
[WhiteTeamCountry "GER"]
[BlackTeamCountry "GER"]

1. d4 Nf6 2. c4 g6 3. Nc3 d5 4. Nf3 Bg7 5. Bg5 dxc4 6. e4 c5 7. dxc5 Qa5 8. Nd2 Be6 9. Bxc4 Bxc4 10. Nxc4 Qxc5 11. Qa4+ Nc6 12. Be3 Qb4 13. Qxb4 Nxb4 14. Ke2 Rc8 15. Na3 a6 16. Rac1 Ng4 17. Bd2 0-0 18. f3 Ne5 19. Nc2 Nbd3 20. Rb1 Rfd8 21. Ne1 Nxb2 22. Rxb2 Nc4 23. Rc2 Nxd2 24. Rxd2 Rxd2+ 25. Kxd2 Bxc3+ 26. Kd3 Bb4 27. Nc2 Ba5 28. Ne3 Rc3+ 29. Ke2 Ra3 30. Rc1 Rxa2+ 31. Kf1 Kg7 32. Rb1 b5 33. Nd5 e6 34. Nf4 Bb6 35. Nd3 Rd2 36. Rb3 Bd4 37. h3 h5 38. Nf4 h4 39. Ke1 Ra2 40. Ne2 Bc5 41. Rb1 b4 42. Kf1 a5 43. Nf4 Rf2+ 44. Ke1 g5 45. Rc1 Be3 0-1

[Event "Oberliga Sued W 0405"]
[Site "Germany"]
[Date "2004.11.14"]
[Round "2.3"]
[White "Callam, Hannes"]
[Black "Dauenheimer, Torsten"]
[Result "0-1"]
[WhiteElo "2121"]
[BlackElo "2101"]
[PlyCount "72"]
[EventDate "2004.10.03"]
[EventType "team-tourn"]
[EventRounds "9"]
[EventCountry "GER"]
[SourceTitle "EXT 2009"]
[Source "ChessBase"]
[SourceDate "2008.11.26"]
[SourceVersion "1"]
[SourceVersionDate "2008.11.26"]
[SourceQuality "1"]
[WhiteTeam "Schwarzenbach"]
[BlackTeam "Mutterstadt"]
[WhiteTeamCountry "GER"]
[BlackTeamCountry "GER"]

1. d4 Nf6 2. c4 e6 3. Nc3 Bb4 4. Qc2 0-0 5. a3 Bxc3+ 6. Qxc3 Ne4 7. Qc2 f5 8. g3 b6 9. Bg2 Bb7 10. Nf3 Nf6 11. 0-0 Be4 12. Qc3 a5 13. b3 Qe7 14. Bb2 d6 15. b4 Nbd7 16. b5 a4 17. Bh3 Qf7 18. Ng5 Qh5 19. Qe3 Rae8 20. Nxe4 Qxh3 21. Nxf6+ Rxf6 22. Qf3 Rh6 23. Qg2 Qh5 24. Bc1 Rg6 25. Qc6 Nf6 26. f3 Qh3 27. Rf2 Re7 28. Rg2 h5 29. Be3 h4 30. Bf2 hxg3 31. Rxg3 Rxg3+ 32. Bxg3 Nh5 33. Qa8+ Kf7 34. Qh8 f4 35. Bf2 e5 36. Kh1 Ng3+ 0-1

[Event "Oberliga Sued W 0405"]
[Site "Germany"]
[Date "2004.10.24"]
[Round "1.3"]
[White "Gypser, Andreas"]
[Black "Callam, Hannes"]
[Result "1/2-1/2"]
[WhiteElo "2218"]
[BlackElo "2121"]
[PlyCount "35"]
[EventDate "2004.10.03"]
[EventType "team-tourn"]
[EventRounds "9"]
[EventCountry "GER"]
[SourceTitle "EXT 2009"]
[Source "ChessBase"]
[SourceDate "2008.11.26"]
[SourceVersion "1"]
[SourceVersionDate "2008.11.26"]
[SourceQuality "1"]
[WhiteTeam "Ludwigshafen"]
[BlackTeam "Schwarzenbach"]
[WhiteTeamCountry "GER"]
[BlackTeamCountry "GER"]

1. e4 e5 2. Nf3 Nf6 3. d4 Nxe4 4. Bd3 Nc6 5. d5 Nf6 6. dxc6 e4 7. cxd7+ Bxd7 8. Bc4 exf3 9. Qxf3 Bc6 10. Qe2+ Qe7 11. Qxe7+ Bxe7 12. 0-0 0-0 13. Bf4 Bd5 14. Bd3 c6 15. Nc3 Be6 16. Rfe1 Rfe8 17. h3 Nd5 18. Nxd5 1/2-1/2

[Event "Feffernitz Raika op 13th"]
[Site "Feffernitz"]
[Date "2004.08.22"]
[Round "9"]
[White "Piber, Vinko"]
[Black "Callam, Hannes"]
[Result "0-1"]
[WhiteElo "1963"]
[BlackElo "2148"]
[PlyCount "120"]
[EventDate "2004.08.14"]
[EventType "swiss"]
[EventRounds "9"]
[EventCountry "AUT"]
[SourceTitle "EXT 2005"]
[Source "ChessBase"]
[SourceDate "2004.11.15"]
[SourceVersion "1"]
[SourceVersionDate "2004.11.15"]
[SourceQuality "1"]

1. e4 d5 2. exd5 Qxd5 3. Nc3 Qa5 4. d4 Nf6 5. Nf3 Nc6 6. Bb5 Nd5 7. Bd2 Nxc3 8. Bxc6+ bxc6 9. Bxc3 Qd5 10. a3 Bg4 11. Qe2 Bxf3 12. gxf3 e6 13. 0-0-0 Be7 14. f4 0-0-0 15. Rhg1 Bf6 16. b4 Qb5 17. Qe3 Rd5 18. Bb2 Rhd8 19. Qb3 Rh5 20. d5 cxd5 21. Bxf6 gxf6 22. Rg7 Rxh2 23. Rxf7 Rxf2 24. Rxf6 Rd6 25. a4 Qe2 26. b5 Qe4 27. Rf8+ Rd8 28. Rxd8+ Kxd8 29. Rd3 Qxf4+ 30. Kb2 Qe5+ 31. Ka2 Rf1 32. Rc3 Qe1 33. Qb2 Qc1 34. Rh3 Qxb2+ 35. Kxb2 Rf7 36. Kc3 c6 37. Kd4 Kd7 38. bxc6+ Kxc6 39. Ke5 Kd7 40. a5 Rf5+ 41. Kd4 Kd6 42. Rxh7 Rf3 43. Rh6 Ra3 44. Rg6 Rxa5 45. Kc3 Rc5+ 46. Kb3 Rc4 47. c3 a5 48. Rg8 a4+ 49. Kb2 e5 50. Rg6+ Kc5 51. Ra6 e4 52. Re6 Kb5 53. Re8 Rc6 54. Rb8+ Rb6 55. Rc8 Rd6 56. Rb8+ Kc5 57. Rc8+ Kb6 58. Kc2 d4 59. cxd4 Rc6+ 60. Rxc6+ Kxc6 0-1

[Event "Feffernitz Raika op 13th"]
[Site "Feffernitz"]
[Date "2004.08.17"]
[Round "4"]
[White "Callam, Hannes"]
[Black "Kainz, Josef"]
[Result "0-1"]
[WhiteElo "2148"]
[BlackElo "2053"]
[PlyCount "59"]
[EventDate "2004.08.14"]
[EventType "swiss"]
[EventRounds "9"]
[EventCountry "AUT"]
[SourceTitle "EXT 2005"]
[Source "ChessBase"]
[SourceDate "2004.11.15"]
[SourceVersion "1"]
[SourceVersionDate "2004.11.15"]
[SourceQuality "1"]

1. Nf3 d5 2. d4 Nf6 3. c4 e6 4. cxd5 exd5 5. Nc3 Bb4 6. a3 Be7 7. Bg5 0-0 8. e3 Bg4 9. Bxf6 Bxf6 10. Qb3 Bxf3 11. gxf3 Nd7 12. Nxd5 Re8 13. 0-0-0 c5 14. Bb5 Re6 15. Bxd7 Qxd7 16. dxc5 Qc6 17. Nxf6+ Rxf6 18. Qd5 Rxf3 19. Qxc6 bxc6 20. Rd2 Kf8 21. Rhd1 Ke8 22. Rd7 Rxf2 23. Rc7 Rb8 24. b4 a5 25. Rdd7 axb4 26. axb4 Rxb4 27. Re7+ Kf8 28. Red7 Ke8 29. Re7+ Kf8 30. Rxc6 0-1

[Event "Bundesliga 0304"]
[Site "Germany"]
[Date "2004.03.27"]
[Round "12.8"]
[White "Pfretzschner, Roland"]
[Black "Callam, Hannes"]
[Result "1-0"]
[WhiteElo "2222"]
[BlackElo "2167"]
[PlyCount "145"]
[EventDate "2003.11.01"]
[EventType "team-tourn"]
[EventRounds "15"]
[EventCountry "GER"]
[SourceTitle "CBM 100"]
[Source "ChessBase"]
[SourceDate "2004.06.01"]
[SourceVersion "1"]
[SourceVersionDate "2004.06.01"]
[SourceQuality "1"]
[WhiteTeam "Plauen Koenig"]
[BlackTeam "St Ingbert"]
[WhiteTeamCountry "GER"]
[BlackTeamCountry "GER"]

1. e4 e5 2. Nf3 Bc5 3. Nc3 d6 4. d4 exd4 5. Nxd4 Nc6 6. Be3 Bb6 7. Bc4 Nge7 8. f4 0-0 9. Nxc6 Nxc6 10. Bxb6 axb6 11. 0-0 Be6 12. Nd5 Bxd5 13. exd5 Nb8 14. Qf3 Nd7 15. Rae1 Re8 16. Rxe8+ Qxe8 17. Bb5 Qe7 18. Qc3 Nc5 19. Re1 Ne4 20. Qh3 g6 21. Bd3 f5 22. a3 Re8 23. Bxe4 fxe4 24. Qe3 Qf6 25. c3 Qf5 26. Rd1 h5 27. Rd4 Re7 28. a4 Kf7 29. b4 Kg7 30. Rd1 Rf7 31. g3 Re7 32. Qd4+ Kh7 33. Qe3 Qg4 34. Re1 Qf5 35. Rd1 Qg4 36. Rd2 Qd7 37. Ra2 Qf5 38. c4 Qg4 39. Rd2 Qd7 40. Qb3 Qf5 41. Re2 Qf6 42. Qb2 Qf5 43. Re3 g5 44. fxg5 Qxg5 45. Qe2 Qe5 46. Kg2 Kg6 47. h3 Qd4 48. h4 Kh6 49. Kh3 Re5 50. Qf2 Kg7 51. g4 hxg4+ 52. Kxg4 Qd1+ 53. Kg3 Qh1 54. Re1 e3 55. Rxe3 Rxe3+ 56. Qxe3 Qb1 57. Kg4 Qc2 58. Qd4+ Kf7 59. Kg5 Qxa4 60. h5 Qc2 61. Qf6+ Ke8 62. Qe6+ Kd8 63. h6 Qh2 64. Kg6 c6 65. h7 cxd5 66. cxd5 b5 67. Qf6+ Kc7 68. h8Q Qg2+ 69. Qg5 Qe4+ 70. Kf7 Kb6 71. Qg1+ Kc7 72. Qc1+ Kb6 73. Qd8+ 1-0

[Event "Bundesliga 0304"]
[Site "Germany"]
[Date "2003.11.23"]
[Round "4.8"]
[White "Heinemann, Thies"]
[Black "Callam, Hannes"]
[Result "1-0"]
[WhiteElo "2426"]
[BlackElo "2167"]
[PlyCount "97"]
[EventDate "2003.11.01"]
[EventType "team-tourn"]
[EventRounds "15"]
[EventCountry "GER"]
[SourceTitle "CBM 097 Extra"]
[Source "ChessBase"]
[SourceDate "2004.01.13"]
[SourceVersion "1"]
[SourceVersionDate "2004.01.13"]
[SourceQuality "1"]
[WhiteTeam "Hamburger SK"]
[BlackTeam "St Ingbert"]
[WhiteTeamCountry "GER"]
[BlackTeamCountry "GER"]

1. e4 e5 2. Nf3 Nf6 3. Nc3 Nc6 4. d4 exd4 5. Nxd4 Bb4 6. Nxc6 bxc6 7. Bd3 d5 8. exd5 Qe7+ 9. Qe2 cxd5 10. Qxe7+ Kxe7 11. 0-0 c6 12. a3 Bd6 13. Re1+ Be6 14. Ne2 Rhe8 15. Nd4 Kd7 16. h3 Kc7 17. Bd2 Bd7 18. Nf5 Bxf5 19. Bxf5 g6 20. Ba5+ Kb7 21. Bd3 Rxe1+ 22. Rxe1 Re8 23. Rxe8 Nxe8 24. c4 Be5 25. b3 Nd6 26. cxd5 cxd5 27. Kf1 Kc6 28. a4 Kc5 29. Ke2 Ne4 30. f3 Nc3+ 31. Kd2 Na2 32. Bb5 Bf4+ 33. Ke1 Nb4 34. Be8 f6 35. Bd8 Nc2+ 36. Ke2 Nd4+ 37. Kd3 Nxb3 38. Be7+ Kb6 39. Bxf6 Kc5 40. Kc3 Nd2 41. Bd4+ Kd6 42. Bxa7 Kc7 43. Bb5 Nc4 44. Bxc4 dxc4 45. Kxc4 Kc6 46. a5 Kb7 47. Bb6 Ka6 48. Kd5 Kb5 49. Ke6 1-0

[Event "Bad Bertrich op 11th"]
[Site "Bad Bertrich"]
[Date "2003.??.??"]
[Round "2"]
[White "Callam, Hannes"]
[Black "Herzog, Manfred"]
[Result "1-0"]
[WhiteElo "2165"]
[BlackElo "1670"]
[PlyCount "135"]
[EventDate "2003.??.??"]
[EventType "swiss"]
[EventRounds "7"]
[EventCountry "GER"]
[SourceTitle "EXT 2007"]
[Source "ChessBase"]
[SourceDate "2006.11.23"]
[SourceVersion "1"]
[SourceVersionDate "2006.11.23"]
[SourceQuality "1"]

1. d4 g6 2. c4 Bg7 3. Nc3 Nf6 4. e4 0-0 5. g3 c5 6. d5 e5 7. Bg2 d6 8. Nge2 Na6 9. 0-0 Nc7 10. f4 Nd7 11. f5 g5 12. Bf3 h6 13. Kg2 Nf6 14. Kf2 a6 15. Rh1 Nh7 16. g4 b5 17. b3 Bf6 18. Ng3 Bd7 19. Nh5 b4 20. Ne2 a5 21. h4 Be7 22. Be3 Ne8 23. Qd2 Ng7 24. Nxg7 Kxg7 25. Rh2 a4 26. Rah1 Rh8 27. Ng3 f6 28. Nh5+ Kg8 29. Bd1 axb3 30. Bxb3 gxh4 31. Rxh4 Ng5 32. Ng3 Bf8 33. Qc2 Be8 34. Ke1 Ra7 35. Kd1 Nf3 36. R4h3 Qa5 37. Ne2 Ng5 38. R3h2 Ba4 39. Nc1 Nf3 40. Rh3 Ng5 41. Bxg5 fxg5 42. Bxa4 Qxa4 43. Qxa4 Rxa4 44. Kc2 Rh7 45. Rb3 Rha7 46. Rhh3 Kg7 47. Rh2 Ra3 48. Rhh3 R3a4 49. Kb2 Kf6 50. Rh2 Ra3 51. Rxa3 Rxa3 52. Nb3 Kg7 53. Rh3 Kf6 54. Rd3 h5 55. gxh5 g4 56. Nc1 g3 57. Rxa3 bxa3+ 58. Kxa3 Kg5 59. Ne2 g2 60. Kb3 Kxh5 61. Kc2 Kh4 62. Kd2 Bh6+ 63. Ke1 Kh3 64. Kf2 Kh2 65. a4 Bd2 66. a5 Bc3 67. a6 Bd4+ 68. Kf3 1-0

[Event "Bad Bertrich op 11th"]
[Site "Bad Bertrich"]
[Date "2003.??.??"]
[Round "7"]
[White "Callam, Hannes"]
[Black "Melnikov, Alexander"]
[Result "1-0"]
[WhiteElo "2165"]
[BlackElo "1930"]
[PlyCount "36"]
[EventDate "2003.??.??"]
[EventType "swiss"]
[EventRounds "7"]
[EventCountry "GER"]
[SourceTitle "EXT 2007"]
[Source "ChessBase"]
[SourceDate "2006.11.23"]
[SourceVersion "1"]
[SourceVersionDate "2006.11.23"]
[SourceQuality "1"]

1. Nf3 d6 2. d4 Nf6 3. c4 Bg4 4. Nc3 Nbd7 5. e4 e5 6. Be2 Be7 7. 0-0 c6 8. Be3 0-0 9. Ne1 Bxe2 10. Qxe2 Qa5 11. Nd3 exd4 12. Bxd4 Qh5 13. f3 Ne8 14. Rad1 Nc7 15. Qf2 f5 16. exf5 Qxf5 17. Rfe1 Bf6 18. Ne4 Qe6 1-0

[Event "Bad Bertrich op 11th"]
[Site "Bad Bertrich"]
[Date "2003.??.??"]
[Round "1"]
[White "Gerhards, Walter"]
[Black "Callam, Hannes"]
[Result "1-0"]
[WhiteElo "2015"]
[BlackElo "2165"]
[PlyCount "169"]
[EventDate "2003.??.??"]
[EventType "swiss"]
[EventRounds "7"]
[EventCountry "GER"]
[SourceTitle "EXT 2007"]
[Source "ChessBase"]
[SourceDate "2006.11.23"]
[SourceVersion "1"]
[SourceVersionDate "2006.11.23"]
[SourceQuality "1"]

1. e4 d5 2. exd5 Qxd5 3. Nc3 Qa5 4. d4 Nf6 5. Nf3 Nc6 6. Be2 Bg4 7. 0-0 Rd8 8. Bd2 Bxf3 9. Bxf3 Qb6 10. d5 Ne5 11. Bf4 Nxf3+ 12. Qxf3 g6 13. Rad1 Bg7 14. b3 Qa5 15. Be5 0-0 16. a4 Rd7 17. Rd3 Rfd8 18. Rfd1 c6 19. dxc6 Rxd3 20. Rxd3 Rxd3 21. Qxd3 Qxe5 22. cxb7 Nd7 23. g3 Nb8 24. Qd8+ Bf8 25. Nd5 Nc6 26. Qd7 Qd6 27. Qxd6 exd6 28. Nf6+ Kg7 29. Nd7 Be7 30. b8Q Nxb8 31. Nxb8 Bd8 32. Kf1 Kf8 33. Ke2 Bb6 34. c3 Ke8 35. Nc6 Kd7 36. Nd4 d5 37. f4 a6 38. f5 Kd6 39. fxg6 hxg6 40. Kd3 Bd8 41. g4 Bg5 42. b4 Bh4 43. Ke2 Bf6 44. Kf3 Bd8 45. Kg3 g5 46. Kf3 Bf6 47. Ke3 Bh8 48. Kd3 Ke5 49. b5 axb5 50. Nxb5 Kf4 51. Nd6 Be5 52. Nxf7 Bc7 53. h3 Bb6 54. c4 dxc4+ 55. Kxc4 Be3 56. Kd3 Bb6 57. Ke2 Ba5 58. Kf2 Bd2 59. Nd6 Be3+ 60. Kg2 Bc5 61. Nc4 Ke4 62. Nd2+ Kd5 63. Kf3 Be7 64. a5 Bb4 65. Ne4 Bxa5 66. Nxg5 Ke5 67. h4 Bd2 68. Ne4 Bc1 69. Nf2 Bd2 70. Nd3+ Kd4 71. Nf4 Ke5 72. Ne2 Be1 73. Ng3 Ba5 74. g5 Bd8 75. Kg4 Be7 76. h5 Ke6 77. h6 Ba3 78. Kh5 Kf7 79. g6+ Kg8 80. Nf5 Bb2 81. Nd6 Bc3 82. Nf7 Bd4 83. h7+ Kf8 84. h8Q+ Bxh8 85. Nxh8 1-0

[Event "Bad Bertrich op 11th"]
[Site "Bad Bertrich"]
[Date "2003.??.??"]
[Round "3"]
[White "Krebs, Dietmar"]
[Black "Callam, Hannes"]
[Result "0-1"]
[WhiteElo "2005"]
[BlackElo "2165"]
[PlyCount "112"]
[EventDate "2003.??.??"]
[EventType "swiss"]
[EventRounds "7"]
[EventCountry "GER"]
[SourceTitle "EXT 2007"]
[Source "ChessBase"]
[SourceDate "2006.11.23"]
[SourceVersion "1"]
[SourceVersionDate "2006.11.23"]
[SourceQuality "1"]

1. e4 d5 2. exd5 Qxd5 3. Nc3 Qa5 4. d4 Nf6 5. Nf3 Nc6 6. d5 Nb4 7. Bb5+ Bd7 8. Bxd7+ Nxd7 9. 0-0 Nf6 10. Bd2 Nbxd5 11. Nxd5 Qxd5 12. Be3 Qxd1 13. Rfxd1 e6 14. c4 Be7 15. Bf4 0-0 16. b3 c6 17. Be3 Rfd8 18. Rxd8+ Bxd8 19. Rd1 Bb6 20. Bxb6 axb6 21. a4 Kf8 22. Ne5 Ke8 23. f3 Rc8 24. Kf2 Rc7 25. Ke3 Nd7 26. Nd3 Nc5 27. Nxc5 bxc5 28. h3 Rd7 29. Ra1 Rd8 30. h4 Ke7 31. g3 Kf6 32. Rb1 Ke7 33. b4 cxb4 34. Rxb4 Rd7 35. c5 Kd8 36. a5 Kc8 37. Rb6 Rd5 38. a6 bxa6 39. Rxa6 Kd7 40. Ra7+ Ke8 41. Ra5 Ke7 42. Ke4 f5+ 43. Ke3 Kf6 44. Ke2 g6 45. f4 h6 46. Ke3 g5 47. hxg5+ hxg5 48. Ke2 e5 49. fxe5+ Kxe5 50. Ke3 Kf6 51. Ke2 Kg6 52. Ke3 Kh5 53. Kf3 Rd3+ 54. Kg2 Rc3 55. Kf2 Kg4 56. Ra4+ Kh3 0-1

[Event "BL2-West 0102"]
[Site "Germany"]
[Date "2001.11.11"]
[Round "2.8"]
[White "Vanheirzeele, Daniel"]
[Black "Callam, Hannes"]
[Result "1-0"]
[WhiteElo "2223"]
[BlackElo "2177"]
[PlyCount "79"]
[EventDate "2001.10.07"]
[EventType "team-tourn"]
[EventRounds "9"]
[EventCountry "GER"]
[SourceTitle "CBM 088 Extra"]
[Source "ChessBase"]
[SourceDate "2002.07.01"]
[SourceVersion "2"]
[SourceVersionDate "2002.07.01"]
[SourceQuality "1"]
[WhiteTeam "Andernach"]
[BlackTeam "St Ingbert"]
[WhiteTeamCountry "GER"]
[BlackTeamCountry "GER"]

1. d4 Nf6 2. c4 e6 3. g3 d5 4. Nf3 c6 5. Bg2 Bd6 6. 0-0 0-0 7. Nc3 Nbd7 8. Nd2 Re8 9. e4 dxe4 10. Ndxe4 Nxe4 11. Nxe4 Be7 12. Bf4 Nf6 13. Nxf6+ Bxf6 14. Be5 Qe7 15. Qb3 Rd8 16. Rfd1 g6 17. Qf3 Bg7 18. c5 Re8 19. Bd6 Qd8 20. h4 h5 21. Qe3 Bf8 22. Bf4 Be7 23. b4 a6 24. a4 Bf6 25. Rab1 Bd7 26. b5 axb5 27. axb5 Qc8 28. b6 Ra4 29. Be5 Bg7 30. Ra1 Rxa1 31. Rxa1 Qd8 32. Ra7 Bc8 33. Bd6 Bf8 34. Be5 Bg7 35. Bxg7 Kxg7 36. Qe5+ Kg8 37. Bxc6 bxc6 38. b7 Bxb7 39. Rxb7 Qd5 40. Qf6 1-0

[Event "Feffernitz Raika op 10th"]
[Site "Feffernitz"]
[Date "2001.08.23"]
[Round "6"]
[White "Hummel, Markus"]
[Black "Callam, Hannes"]
[Result "1/2-1/2"]
[WhiteElo "2219"]
[BlackElo "2177"]
[PlyCount "71"]
[EventDate "2001.08.19"]
[EventType "swiss"]
[EventRounds "9"]
[EventCountry "AUT"]
[SourceTitle "EXT 2002"]
[Source "ChessBase"]
[SourceDate "2001.11.25"]
[SourceVersion "1"]
[SourceVersionDate "2001.11.25"]
[SourceQuality "1"]

1. e4 e6 2. d4 d5 3. Nc3 Nf6 4. Bg5 Bb4 5. a3 Bxc3+ 6. bxc3 h6 7. Bxf6 Qxf6 8. e5 Qe7 9. Qg4 g6 10. Nh3 b6 11. Bd3 Ba6 12. Bxa6 Nxa6 13. Qe2 Nb8 14. 0-0 Nc6 15. f4 Na5 16. Nf2 h5 17. Nd3 Nc4 18. a4 Rc8 19. Rf3 c5 20. dxc5 bxc5 21. Rh3 Kd7 22. Qf2 Kc6 23. Rb1 Rb8 24. Rb3 a6 25. g4 hxg4 26. Rxh8 Rxh8 27. a5 Ra8 28. Nb2 Nxa5 29. Ra3 Rb8 30. Rxa5 Rxb2 31. Rxa6+ Rb6 32. Ra5 Rb5 33. Ra6+ Rb6 34. Ra5 Rb5 35. Ra6+ Rb6 36. Ra5 1/2-1/2

[Event "Feffernitz Raika op 10th"]
[Site "Feffernitz"]
[Date "2001.08.21"]
[Round "4"]
[White "Callam, Hannes"]
[Black "Martinovic, Slobodan"]
[Result "0-1"]
[WhiteElo "2177"]
[BlackElo "2436"]
[PlyCount "78"]
[EventDate "2001.08.19"]
[EventType "swiss"]
[EventRounds "9"]
[EventCountry "AUT"]
[SourceTitle "EXT 2002"]
[Source "ChessBase"]
[SourceDate "2001.11.25"]
[SourceVersion "1"]
[SourceVersionDate "2001.11.25"]
[SourceQuality "1"]

1. Nf3 Nf6 2. c4 g6 3. Nc3 c5 4. e4 Nc6 5. d4 cxd4 6. Nxd4 d6 7. Be2 Nxd4 8. Qxd4 Bg7 9. Be3 0-0 10. Qd2 Be6 11. Bd4 Rc8 12. b3 Qa5 13. Rd1 Nd7 14. 0-0 Bxd4 15. Qxd4 Nf6 16. Rd2 a6 17. Nd5 Bxd5 18. exd5 Rfe8 19. Rfd1 Rc7 20. Qf4 Qb4 21. Rd3 b5 22. Rh3 Qa3 23. Qd4 Rec8 24. Re1 a5 25. Re3 Qb4 26. Qd1 Kf8 27. Bd3 a4 28. Qe2 axb3 29. axb3 Kg7 30. g4 bxc4 31. Bxc4 h6 32. h4 Rxc4 33. bxc4 Rxc4 34. g5 hxg5 35. hxg5 Rg4+ 36. Rg3 Rxg3+ 37. fxg3 Nxd5 38. Qe4 Qd2 39. Re2 Qxg5 0-1